[Event "Titled Tue 10th Jun Early"]
[Site "chess.com INT"]
[Date "2025.06.10"]
[Round "8"]
[White "Buyankhishig, Batpelden"]
[Black "Sihite, Chelsie Monica Ignesias"]
[Result "1-0"]
[WhiteTitle "WFM"]
[BlackTitle "WIM"]
[WhiteElo "2015"]
[BlackElo "2223"]
[WhiteFideId "4923537"]
[BlackFideId "7101198"]
[EventDate "2025.06.10"]

1. d4 c5 2. d5 e5 3. e4 d6 4. Ne2 f5 5. exf5 Bxf5 6. Ng3 Bg6 7. Bd3 Qf6 8. O-O
Bxd3 9. Qxd3 g5 10. c4 Be7 11. Nc3 h5 12. Nge4 Qg6 13. Nb5 Kd8 14. Nxc5 Qxd3 15.
Nxd3 a6 16. Nc3 Nh6 17. Ne4 Nf7 18. Be3 Nd7 19. b4 Rc8 20. c5 Nf6 21. Nxg5 Nxg5
22. Bxg5 Nxd5 23. Bxe7+ Kxe7 24. cxd6+ Kxd6 25. Rfd1 Rhe8 26. Nc5 b6 27. Ne4+
Ke6 28. Ng5+ Kd6 29. Rd2 Rc4 30. Rad1 Rd4 31. a3 Kc6 32. f3 Nc3 33. Rxd4 exd4
34. Rd3 Kd5 35. Kf2 Kc4 36. Rd2 d3 37. g4 h4 38. f4 Nb1 39. Rd1 Re2+ 40. Kf3 Nc3
41. Ra1 Kd4 42. f5 Nd5 43. Ne6+ Ke5 44. Rd1 Re3+ 45. Kf2 Re2+ 46. Kf3 Rxh2 47.
Rxd3 Rh3+ 48. Ke2 Rxd3 49. Kxd3 h3 50. Ng5 Nf4+ 51. Ke3 a5 52. Nf3+ Kd5 53. Kxf4
axb4 54. axb4 Kc4 55. f6 Kxb4 56. f7 Kc3 57. f8=Q b5 58. Qc8+ Kd3 59. g5 b4 60.
g6 b3 61. g7 b2 62. Qd7+ Ke2 63. Qb5+ Kf2 64. Qxb2+ Kf1 65. Qc1+ Kf2 66. Qe1+
Kg2 67. Qg1# 1-0

[Event "Titled Tue 10th Jun Early"]
[Site "chess.com INT"]
[Date "2025.06.10"]
[Round "8"]
[White "Haddouche, Mohamed"]
[Black "Jval Saurin Patel"]
[Result "1-0"]
[WhiteTitle "GM"]
[BlackTitle "FM"]
[WhiteElo "2490"]
[BlackElo "2331"]
[WhiteFideId "7900660"]
[BlackFideId "25968343"]
[EventDate "2025.06.10"]

1. e4 e6 2. d3 d5 3. Qe2 dxe4 4. dxe4 Nc6 5. Nf3 Nf6 6. e5 Nd5 7. g3 Bc5 8. Bg2
O-O 9. O-O h6 10. Rd1 Qe7 11. c4 Nb6 12. Nc3 Nd7 13. Ne4 Ndxe5 14. Nxe5 Nxe5 15.
Nxc5 Qxc5 16. b4 Qxc4 17. Qxe5 Qxb4 18. Qxc7 e5 19. Qxe5 Bg4 20. Bd2 Qa3 21. Re1
Rad8 22. Qc3 Qd6 23. Bf4 Qd7 24. Bf3 Be6 25. a4 Rc8 26. Qb2 b6 27. a5 bxa5 28.
Rxa5 Rfd8 29. Rea1 Qd3 30. Qe2 Qd4 31. Rxa7 Re8 32. Qd2 Qf6 33. Bg2 Bf5 34. Re1
Qb6 35. Raa1 Red8 36. Qe3 Qg6 37. h4 Be6 38. Rad1 Re8 39. Rc1 Rcd8 40. Be4 Qf6
41. Qc3 Qe7 42. Bf5 g5 43. Bxe6 fxe6 44. hxg5 hxg5 45. Be5 Qh7 46. Qf3 Re7 47.
Qf6 Rf8 48. Qxg5+ Kf7 49. Rcd1 Rg8 50. Qf4+ Ke8 51. Rc1 Qh5 52. Rc8+ Kd7 53.
Rc7+ Kd8 54. Qf6 Rxg3+ 55. Bxg3 1-0

[Event "Titled Tue 10th Jun Early"]
[Site "chess.com INT"]
[Date "2025.06.10"]
[Round "8"]
[White "Aradhya, Garg"]
[Black "Deac, Bogdan-Daniel"]
[Result "0-1"]
[WhiteTitle "IM"]
[BlackTitle "GM"]
[WhiteElo "2370"]
[BlackElo "2674"]
[WhiteFideId "25006746"]
[BlackFideId "1226380"]
[EventDate "2025.06.10"]

1. d4 Nf6 2. c4 e6 3. Nf3 d5 4. Nc3 c6 5. e3 Nbd7 6. Qc2 a5 7. Bd2 h6 8. b3 b6
9. Bd3 Bb7 10. O-O Be7 11. Rac1 O-O 12. Rfe1 Rc8 13. e4 dxe4 14. Nxe4 c5 15. Bc3
cxd4 16. Bxd4 Bxe4 17. Bxe4 Nc5 18. Rcd1 Qc7 19. Be5 Qa7 20. Bd3 Rfd8 21. Nd4
Ng4 22. Nb5 Qb7 23. Bg3 Nxd3 24. Rxd3 Rxd3 25. Qxd3 Nf6 26. Nd6 Rd8 27. Nxb7
Rxd3 28. Rc1 Rd7 29. c5 Bxc5 30. Nxc5 bxc5 31. f3 Rd2 32. a4 Nd7 33. Bf2 Rd3 34.
Bxc5 Rxb3 35. Bd6 Rb6 36. Bc7 Rb4 37. Bxa5 Rxa4 38. Rc8+ Kh7 39. Rc7 Nf6 40. Bd2
Kg6 41. Kf2 Ra2 42. Ke1 Nd5 43. Rb7 h5 44. g3 Ra1+ 45. Kf2 Ra2 46. Ke1 Ra1+ 47.
Kf2 Rd1 48. Be1 Rc1 49. Bd2 Rc7 50. Rb3 Rc2 51. Ke2 Ra2 52. Rb7 Nf6 53. Ke3 Nd5+
54. Ke2 f6 55. Kd3 e5 56. Rd7 Nb6 57. Rb7 Nc8 58. Rc7 Nd6 59. Bb4 Nf5 0-1

[Event "Titled Tue 10th Jun Early"]
[Site "chess.com INT"]
[Date "2025.06.10"]
[Round "8"]
[White "Mattenberger, Matthias"]
[Black "Mummana Venkata Ruthvik"]
[Result "1-0"]
[WhiteTitle "FM"]
[BlackTitle "CM"]
[WhiteElo "2286"]
[BlackElo "2237"]
[WhiteFideId "1339958"]
[BlackFideId "25697307"]
[EventDate "2025.06.10"]

1. e4 e6 2. d4 d6 3. Nf3 d5 4. exd5 exd5 5. Bd3 Nf6 6. O-O Be7 7. h3 O-O 8. Bg5
Nbd7 9. Re1 b6 10. Nc3 Bb7 11. Ne2 c5 12. c3 Bd6 13. Ng3 Bxg3 14. fxg3 Re8 15.
Qd2 Qc7 16. Bf4 Qc6 17. a4 Ne4 18. Qc2 c4 19. Bxe4 dxe4 20. Ne5 Nxe5 21. Bxe5 f6
22. Bf4 Qd5 23. a5 Bc6 24. g4 h5 25. g5 fxg5 26. Be5 b5 27. a6 Rf8 28. Rf1 e3
29. Qe2 Rxf1+ 30. Rxf1 Rf8 31. Rxf8+ Kxf8 32. Qf3+ Qxf3 33. gxf3 Bd7 34. Bb8
Bxh3 35. Bxa7 Bc8 36. Bc5+ Kf7 37. a7 Bb7 38. Kf1 Bxf3 39. d5 Bxd5 40. Bxe3 Kf6
41. Kf2 Kf5 42. Bd4 g6 43. Kg3 h4+ 44. Kh3 Kf4 45. Bc5 Kf3 46. Be7 Kf4 47. Bd6+
Kf5 48. Bc7 Ba8 49. Bd6 Kf6 50. Bc7 Kg7 51. Kg4 Kh6 52. Bd8 Kg7 53. Bxg5 Kf7 54.
Bxh4 Ke6 55. Kg5 Be4 56. Kf4 Ba8 57. Bf2 Kd5 58. Kg5 Kc6 59. Kxg6 Kb7 60. Kf6
Kc8 61. Ke5 Bf3 62. Kd6 Kb7 63. Be3 Ka6 64. Kc7 b4 65. cxb4 Kb5 66. Kb8 Kxb4 67.
Bd4 Kb3 68. Bc3 Ka4 69. a8=Q+ Bxa8 70. Kxa8 Kb5 71. Kb7 Kc5 72. Ka6 Kd5 73. Kb5
Ke4 74. Kxc4 1-0

[Event "Titled Tue 10th Jun Early"]
[Site "chess.com INT"]
[Date "2025.06.10"]
[Round "8"]
[White "Yevchenko, Oleksandr"]
[Black "Mizzi, Jack"]
[Result "0-1"]
[WhiteTitle "CM"]
[BlackTitle "CM"]
[WhiteElo "2276"]
[BlackElo "2107"]
[WhiteFideId "14108267"]
[BlackFideId "5602521"]
[EventDate "2025.06.10"]

1. c4 e5 2. Nc3 d6 3. Nf3 f5 4. d4 e4 5. Ng5 Nf6 6. h4 Be7 7. e3 c6 8. d5 cxd5
9. Nxd5 Nc6 10. Be2 h6 11. Bh5+ Kf8 12. Nf7 Qe8 13. Nxh8 Qxh5 14. Qxh5 Nxh5 15.
Ng6+ Kf7 16. Ngxe7 Nxe7 17. Nxe7 Kxe7 18. b3 Be6 19. Ba3 f4 20. O-O-O Rd8 21.
Rxd6 Rxd6 22. Rd1 fxe3 23. fxe3 Nf6 24. Rxd6 Kf7 25. Rd8 Nd7 26. Kd2 a6 27. Bd6
b5 28. c5 Nf6 29. Rf8+ Kg6 30. c6 Nd5 31. c7 Nb6 32. Bc5 Nc8 33. Rd8 Kf5 34. g3
Kg4 35. Bd6 g6 36. Ke2 h5 37. Kf2 a5 38. Be5 Kf5 39. Bf4 Kg4 40. Rf8 Bf5 41. Be5
Ne7 42. Bc3 b4 43. Bd4 Nc8 44. Bc5 Kh3 45. Re8 Kg4 46. Rd8 Be6 47. Bd4 Kh3 48.
Be5 Kg4 49. Bf4 Kh3 50. Be5 Kg4 51. Rd4 Kf5 52. Bf4 Nb6 53. Rd6 Nc8 54. Ra6 Kf6
55. Rxa5 Ke7 56. Ra6 Kd7 57. Rd6+ Nxd6 58. Bxd6 Kxd6 59. Ke2 Kxc7 60. Kd2 Kc6
61. Kc2 Kc5 62. Kb2 Kd5 63. a4 Ke5 64. Kc2 Kf5 65. a5 Bc8 66. Kd2 Ba6 67. Ke1
Kg4 68. Kf2 Kh3 0-1

[Event "Titled Tue 10th Jun Early"]
[Site "chess.com INT"]
[Date "2025.06.10"]
[Round "8"]
[White "Xue, Haowen"]
[Black "Vakhlamov, Igor L."]
[Result "0-1"]
[WhiteTitle "GM"]
[BlackTitle "FM"]
[WhiteElo "2518"]
[BlackElo "2413"]
[WhiteFideId "8625492"]
[BlackFideId "24126748"]
[EventDate "2025.06.10"]

1. e4 c5 2. Nf3 g6 3. c3 Bg7 4. d4 cxd4 5. cxd4 d5 6. exd5 Nf6 7. Bb5+ Nbd7 8.
Nc3 O-O 9. O-O Nb6 10. h3 a6 11. Bd3 Nbxd5 12. Re1 b5 13. a4 b4 14. Nxd5 Nxd5
15. a5 Bb7 16. Ne5 Qd6 17. Qg4 Rad8 18. Bc4 Nf6 19. Qe2 e6 20. Bd2 Ne4 21. Be3
Nf6 22. Rac1 Nd5 23. Red1 Rc8 24. Bd2 Rc7 25. Bb3 Rfc8 26. Qe1 h5 27. Rxc7 Rxc7
28. Rc1 Rxc1 29. Bxc1 Qc7 30. Bd2 Qxa5 31. Qc1 Qb6 32. Qc4 a5 33. Ba4 Ba6 34.
Qc6 Qxc6 35. Nxc6 Nb6 36. Bd1 Nc4 37. Bc1 Bb5 38. Na7 Bd7 39. Be2 Nd6 40. Bf4
Nf5 41. Bd3 Bxd4 42. Nb5 Bxb2 43. Nc7 a4 44. Na6 Bc3 45. Nc5 Bc6 46. Bc4 Nd4 47.
Be3 b3 48. Nd3 Nc2 49. Bc5 b2 50. Nxb2 Bxb2 51. Bd3 Nd4 52. f4 Nb3 53. Bb4 Bd5
54. Bc2 a3 55. Bxa3 Bxa3 56. g4 Nd4 57. Bd1 hxg4 58. hxg4 f5 59. gxf5 gxf5 60.
Kf2 Bd6 61. Kg3 Nc6 62. Bh5 Ne7 63. Kh4 Kg7 64. Be8 Bxf4 65. Kh5 Kf6 66. Kh4 Bf3
67. Kh3 Bg4+ 68. Kg2 e5 69. Ba4 e4 70. Kf2 Ke5 71. Kf1 e3 72. Bc2 e2+ 73. Kf2
Bg3+ 74. Kg2 e1=Q 75. Be4 Qf2+ 76. Kh1 Qh2# 0-1

[Event "Titled Tue 10th Jun Early"]
[Site "chess.com INT"]
[Date "2025.06.10"]
[Round "8"]
[White "Marchesich, Giovanni"]
[Black "Alothman , Ali Layth Ahmed"]
[Result "1-0"]
[WhiteTitle "CM"]
[BlackTitle "FM"]
[WhiteElo "2189"]
[BlackElo "2179"]
[WhiteFideId "2824790"]
[BlackFideId "4801920"]
[EventDate "2025.06.10"]

1. d4 Nf6 2. Nc3 d5 3. Bf4 c5 4. e3 cxd4 5. exd4 Bg4 6. Qd2 Nc6 7. h3 Bh5 8. Be2
Bxe2 9. Ngxe2 e6 10. O-O Bd6 11. Nb5 Bxf4 12. Qxf4 O-O 13. c3 a6 14. Na3 Ne4 15.
Ng3 Qd6 16. Qxd6 Nxd6 17. f4 f5 18. Rfe1 Ne4 19. Nc2 b5 20. a3 a5 21. Nxe4 fxe4
22. g3 Rfb8 23. Kf2 b4 24. axb4 axb4 25. Rxa8 Rxa8 26. Ra1 Rxa1 27. Nxa1 bxc3
28. bxc3 Na5 29. Nc2 Nc4 30. Ne3 Nb2 31. f5 Kf7 32. g4 exf5 33. gxf5 Kf6 34.
Nxd5+ Kxf5 35. Kg3 Nc4 36. h4 h6 37. Ne7+ Ke6 38. Ng6 Kf6 39. h5 Kg5 40. Nf4 Kf5
41. Nh3 Nd6 42. Nf4 Nb5 43. Ne2 Nd6 44. Kf2 Kg5 45. Ke3 Kxh5 46. d5 Kg4 47. Kd4
h5 48. c4 Kf3 49. Ng1+ Kg2 50. Ne2 Kf2 51. Nf4 e3 52. c5 g5 53. Nd3+ Kf3 54.
cxd6 e2 55. d7 h4 56. d8=Q h3 57. Qxg5 e1=Q 58. Nxe1+ Kf2 59. Qf5+ Kg1 60. Qxh3
Kf2 61. d6 Kxe1 62. Qh2 Kf1 63. d7 Ke1 64. d8=Q Kd1 65. Kd3 Kc1 66. Qc2# 1-0

[Event "Titled Tue 10th Jun Early"]
[Site "chess.com INT"]
[Date "2025.06.10"]
[Round "8"]
[White "Dragnev, Valentin"]
[Black "Sapocinic, Semion"]
[Result "1-0"]
[WhiteTitle "GM"]
[BlackTitle "FM"]
[WhiteElo "2547"]
[BlackElo "2296"]
[WhiteFideId "1634852"]
[BlackFideId "13908693"]
[EventDate "2025.06.10"]

1. e4 e5 2. Nf3 Nc6 3. Bc4 Bc5 4. d3 Nf6 5. O-O d6 6. c3 a5 7. Bb3 O-O 8. h3 h6
9. Re1 Ba7 10. Nbd2 Ne7 11. Nf1 Ng6 12. Ng3 Be6 13. Bc2 c6 14. d4 Qc8 15. Be3
Rd8 16. Qc1 Kh7 17. Nf5 exd4 18. cxd4 Bxf5 19. exf5 Nf8 20. g4 Kg8 21. Bxh6 gxh6
22. Qxh6 N8h7 23. g5 Kh8 24. g6 Rg8 25. Ng5 Qf8 26. Qh4 fxg6 27. fxg6 Bxd4 28.
Kh1 Bxf2 29. Qxf2 Nxg5 30. Qh4+ Nfh7 31. Rf1 Qg7 32. gxh7 Rgf8 33. Rg1 Nf3 34.
Rxg7 Nxh4 35. Rxb7 Rf2 36. Be4 d5 37. Kg1 Re2 38. Bh1 Rd8 39. Rf1 d4 40. Rf2
Re1+ 41. Kh2 d3 42. Rd2 Rc1 43. Rf7 Rc2 44. Rff2 Rxd2 45. Rxd2 c5 46. Kg3 Ng6
47. Be4 Ne5 48. Kf4 Nc4 49. Rxd3 Rxd3 50. Bxd3 Nxb2 51. Bc2 Nc4 52. h4 Na3 53.
Be4 c4 54. Ke3 c3 55. h5 Kg7 56. Kd3 c2 57. Kd2 Nb5 58. Bxc2 Nd4 59. Bg6 a4 60.
Kc3 Nb3 61. Kb4 Nc1 62. a3 Nb3 63. Kxa4 Nd4 64. Kb4 Kh8 65. a4 Kg7 66. Kc4 Nc6
67. Kc5 Na5 68. Bd3 Nb3+ 69. Kb4 Nd4 70. Kc4 Nc6 71. Be4 Na5+ 72. Kb4 Kh8 73.
Kxa5 Kg7 74. Kb6 Kh8 75. a5 Kg7 76. a6 Kh8 77. a7 Kg7 78. Bd3 1-0

[Event "Titled Tue 10th Jun Early"]
[Site "chess.com INT"]
[Date "2025.06.10"]
[Round "8"]
[White "Pavlov, Nikolay"]
[Black "Parfenov, Viktor N."]
[Result "0-1"]
[WhiteTitle "FM"]
[BlackTitle "CM"]
[WhiteElo "2316"]
[BlackElo "2193"]
[WhiteFideId "24141470"]
[BlackFideId "4165969"]
[EventDate "2025.06.10"]

1. e4 e5 2. Nf3 Nc6 3. Bc4 Nf6 4. d3 Bc5 5. c3 d6 6. O-O a6 7. a4 O-O 8. h3 h6
9. Re1 Re8 10. Nbd2 Ba7 11. Nf1 Be6 12. Bxe6 Rxe6 13. Ng3 d5 14. Qb3 Qd7 15. a5
Rb8 16. Bd2 dxe4 17. dxe4 Ne7 18. Rad1 Qb5 19. Qxb5 axb5 20. Nf5 Kf8 21. g3 Nxe4
22. Nxe7 Bxf2+ 23. Kg2 Bxe1 24. Bxe1 Kxe7 25. Rd5 c6 26. Rxe5 Rxe5 27. Nxe5 Rd8
28. Kf3 Nd2+ 29. Ke2 Nc4 30. Nd3 Nxa5 31. g4 Nc4 32. Bh4+ f6 33. Bf2 Ne5 34. Nf4
g5 35. Bc5+ Kf7 36. Nh5 Nc4 37. b3 Nd2 38. b4 Ne4 39. Bd4 Kg6 40. Kf3 Re8 41.
Kg2 Re7 42. Kf3 f5 43. Kg2 f4 44. Kf3 Nd2+ 45. Kf2 Ne4+ 46. Kf3 Re6 47. Ng7 Nd2+
48. Kf2 Re7 49. Nf5 Re8 50. Nd6 Ra8 51. Nxb7 Ra2 52. Bh8 h5 53. Na5 hxg4 54.
hxg4 Ne4+ 55. Kf3 Nd2+ 56. Ke2 Ne4+ 57. Kd3 Nf2+ 58. Kd4 Nxg4 59. Nxc6 Nf6 60.
Ne5+ Kf5 61. Nf7 f3 62. Nd6+ Kg6 63. Bxf6 Kxf6 64. Ne4+ Ke7 65. Kc5 f2 66. Ng3
Ra1 67. Kxb5 f1=Q+ 68. Nxf1 Rxf1 69. c4 g4 70. Kb6 g3 71. c5 g2 72. c6 g1=Q+ 73.
Kb7 Kd6 74. b5 Rf7+ 75. Kc8 Qb6 76. c7 Qxc7# 0-1

[Event "Titled Tue 10th Jun Early"]
[Site "chess.com INT"]
[Date "2025.06.10"]
[Round "8"]
[White "Bozorov, Javohir"]
[Black "Mihajlovskij, Sergei"]
[Result "0-1"]
[WhiteTitle "FM"]
[WhiteElo "2039"]
[BlackElo "2292"]
[WhiteFideId "14216957"]
[BlackFideId "13500805"]
[EventDate "2025.06.10"]

1. g3 c5 2. Bg2 Nc6 3. Nf3 d5 4. O-O e5 5. d3 Nf6 6. Bg5 Be7 7. Nbd2 h6 8. Bxf6
gxf6 9. e4 d4 10. Nh4 Be6 11. Qh5 Qd7 12. Bf3 O-O-O 13. Nf5 Rdg8 14. h4 Bf8 15.
a4 Ne7 16. Bg4 Kb8 17. a5 Ng6 18. Kh2 Ne7 19. b3 Nc6 20. Nc4 Nb4 21. Rac1 Rg6
22. Bh3 Nc6 23. f4 Rhg8 24. Rf3 exf4 25. gxf4 Qc7 26. Ra1 Ne7 27. Nxe7 Bxe7 28.
Bxe6 fxe6 29. Rf2 f5 30. e5 Rg4 31. Qxh6 Rxh4+ 32. Qxh4 Bxh4 33. Rg2 Rxg2+ 34.
Kxg2 Qg7+ 35. Kf1 Qg3 36. Ke2 Qxf4 37. Rf1 Bg3 38. Rxf4 Bxf4 39. Kf3 Bc1 40. Nd6
Kc7 41. Nc4 Kc6 42. Nd6 b6 43. axb6 axb6 44. Ke2 Kd5 45. Nf7 Bf4 46. Kf3 Bxe5
47. Nd8 Bd6 48. Nf7 e5 49. Ng5 Kc6 50. Nh7 Kb5 51. Nf6 Kb4 52. Nd5+ Ka3 53. Nxb6
Kb4 54. Nc4 Bc7 55. Ke2 Kc3 56. Kd1 e4 57. dxe4 fxe4 58. Nd2 e3 59. Ne4+ Kb4 60.
Ke2 c4 61. bxc4 Kxc4 62. Ng3 Bxg3 63. Kf3 Kc3 64. Kxg3 Kxc2 65. Kf3 d3 66. Kxe3
d2 67. Kd4 d1=Q+ 68. Kc4 Qd3+ 69. Kb4 Qc3+ 70. Ka4 Qb3+ 71. Ka5 Qb8 72. Ka6 Kc3
73. Ka5 Kc4 74. Ka6 Kc5 0-1

[Event "Titled Tue 10th Jun Early"]
[Site "chess.com INT"]
[Date "2025.06.10"]
[Round "8"]
[White "Li, Hui"]
[Black "Tleukhanov, Yerlan"]
[Result "1-0"]
[WhiteTitle "CM"]
[BlackTitle "FM"]
[WhiteElo "2041"]
[BlackElo "2296"]
[WhiteFideId "15400310"]
[BlackFideId "13749692"]
[EventDate "2025.06.10"]

1. e4 d6 2. d4 Nf6 3. Nc3 e5 4. Nf3 Nbd7 5. Bc4 Be7 6. O-O O-O 7. Re1 c6 8. a4
a5 9. h3 exd4 10. Qxd4 Re8 11. Bf4 Nc5 12. Rad1 Be6 13. b3 Bf8 14. Bg5 Bxc4 15.
Qxc4 h6 16. Bh4 Ncd7 17. Bg3 Qb8 18. Qd4 Ne5 19. Nxe5 dxe5 20. Qc4 Bb4 21. Re3
Qc7 22. Red3 Bxc3 23. Rxc3 Rad8 24. Rcd3 Rd7 25. Rxd7 Nxd7 26. Qd3 Nc5 27. Qc4
Ne6 28. Qd3 Rd8 29. Qe2 Rd4 30. Rxd4 Nxd4 31. Qd3 Ne6 32. Qc3 f6 33. Qc4 Kf7 34.
f3 Ke7 35. Bf2 Nf4 36. Be3 Ne6 37. Bf2 Kf7 38. Be3 Qd8 39. Kh2 Qd1 40. Qc3 Nd4
41. Bxd4 Qxd4 42. Qxa5 Qf2 43. Qc7+ Kg6 44. Qxb7 Qxc2 45. a5 h5 46. h4 Qf2 47.
Qxc6 Qxh4+ 48. Kg1 Qe1+ 49. Kh2 Qxa5 50. Qd5 Qe1 51. Qe6 h4 52. Qg4+ Kh6 53. Qh3
Kg5 54. Qg4+ Kh6 55. Qh3 g5 56. Qg4 Kg6 57. Qf5+ Kg7 58. Qg4 Qf2 59. Qd7+ Kh6
60. Qg4 Qe1 61. Qf5 Kg7 62. Qg4 Kf8 63. Qc8+ Ke7 64. Qg4 Kd6 65. Qf5 1-0

[Event "Titled Tue 10th Jun Early"]
[Site "chess.com INT"]
[Date "2025.06.10"]
[Round "8"]
[White "Mompel Ferruz, Xavier"]
[Black "Sathvik Adiga"]
[Result "1-0"]
[WhiteTitle "FM"]
[BlackTitle "IM"]
[WhiteElo "2342"]
[BlackElo "2341"]
[WhiteFideId "54585775"]
[BlackFideId "25745700"]
[EventDate "2025.06.10"]

1. e4 e5 2. Nf3 Nc6 3. Bb5 a6 4. Ba4 Nf6 5. O-O b5 6. Bb3 Bc5 7. c3 d6 8. d4 Bb6
9. a4 Rb8 10. axb5 axb5 11. Na3 O-O 12. Nxb5 Bg4 13. Bc2 Bxf3 14. gxf3 Nh5 15.
f4 Nxf4 16. Bxf4 exf4 17. Qg4 Ne7 18. Qxf4 Ng6 19. Qg3 c5 20. Rad1 cxd4 21. cxd4
d5 22. e5 Bc7 23. Bd3 Qd7 24. Nxc7 Qxc7 25. Rd2 Qa5 26. Qe3 Rfe8 27. f4 Qa7 28.
Qf2 Rb4 29. f5 Nf8 30. Bb1 Rc8 31. Qe3 Rcc4 32. Rfd1 Rc6 33. Rg2 f6 34. e6 Qe7
35. Ba2 Rd6 36. Qf3 Rb5 37. Rc1 Qa7 38. Bb1 Qxd4+ 39. Qf2 Qxf2+ 40. Rxf2 Rb7 41.
Rc8 Re7 42. Rfc2 g6 43. R2c7 Rxc7 44. Rxc7 gxf5 45. e7 Re6 46. exf8=Q+ Kxf8 47.
Bxf5 Re2 48. b4 Re5 49. Bxh7 Rg5+ 50. Kf2 Rh5 51. b5 Rxh2+ 52. Ke3 Rb2 53. Rb7
Ke8 54. Bd3 Kd8 55. Kd4 Kc8 56. Rf7 Rb3 57. Rxf6 Kc7 58. Rf5 Kb6 59. Rxd5 Rb4+
60. Bc4 Rb1 61. Rd6+ Kc7 62. Rc6+ Kb7 63. Kc5 Rh1 64. Rf6 Rc1 65. Rf7+ Kb8 66.
Rf4 Kb7 67. Rf7+ Kc8 68. b6 Kb8 69. Kb5 Rb1+ 70. Kc6 Rf1 71. Rxf1 Kc8 72. Rf8# 1-0

[Event "Titled Tue 10th Jun Early"]
[Site "chess.com INT"]
[Date "2025.06.10"]
[Round "8"]
[White "Brenke, Andreas"]
[Black "Kawka, Milena"]
[Result "1/2-1/2"]
[WhiteTitle "FM"]
[BlackTitle "WCM"]
[WhiteElo "2349"]
[BlackElo "2003"]
[WhiteFideId "4602900"]
[BlackFideId "21095167"]
[EventDate "2025.06.10"]

1. d4 Nf6 2. c4 e6 3. Nc3 Bb4 4. Qc2 O-O 5. Nf3 d5 6. cxd5 exd5 7. Bf4 Ne4 8. e3
c5 9. dxc5 Qa5 10. Rc1 Qxa2 11. Bd3 Bxc3+ 12. bxc3 Qxc2 13. Bxc2 Nf6 14. O-O Nc6
15. Rb1 Na5 16. Nd2 Bd7 17. Bc7 Nc6 18. Rxb7 Rfc8 19. Ra1 a5 20. Ba4 h6 21. Nb3
Ne4 22. Rc1 Be8 23. f3 Nf6 24. Kf2 g6 25. Bd6 Kg7 26. Ra1 Nd8 27. Bxe8 Nxb7 28.
Ba4 Nd7 29. c6 Nxd6 30. cxd7 Rcb8 31. Nd4 Nc4 32. Nc6 Rb2+ 33. Kg3 Nxe3 34. d8=Q
Nf5+ 35. Kf4 Rxd8 36. Nxd8 Rxg2 37. Bc6 Rxh2 38. Bxd5 Rh4+ 39. Ke5 f6+ 40. Ke6
Ne3 41. Be4 f5 42. Bd3 a4 43. Bb5 Rf4 44. Rxa4 Rxa4 45. Bxa4 h5 46. Nf7 h4 47.
Ng5 Kh6 48. Nh3 g5 49. c4 g4 50. fxg4 fxg4 51. Nf4 Nxc4 52. Bd1 Ne3 53. Be2 g3
54. Ke5 Kg5 55. Nh3+ Kh6 56. Bf3 g2 57. Bxg2 Nxg2 58. Kf5 Kh5 59. Nf2 Ne3+ 60.
Kf4 Nd5+ 61. Kf5 Ne3+ 62. Kf4 Nd5+ 63. Kf5 Ne7+ 64. Kf4 Ng6+ 65. Kf3 Kg5 66.
Nh3+ Kf5 67. Nf2 Ne5+ 68. Kg2 Kf4 69. Kh3 Nf3 70. Nd3+ Kg5 71. Nf2 Kh5 72. Ne4
Ne5 73. Nf6+ Kg5 74. Ne4+ Kh5 75. Nf6+ Kg6 76. Kxh4 1/2-1/2

[Event "Titled Tue 10th Jun Early"]
[Site "chess.com INT"]
[Date "2025.06.10"]
[Round "8"]
[White "Kilic, Eray"]
[Black "Manvelyan, Mikayel"]
[Result "1-0"]
[WhiteTitle "IM"]
[BlackTitle "FM"]
[WhiteElo "2474"]
[BlackElo "2362"]
[WhiteFideId "44517173"]
[BlackFideId "13310143"]
[EventDate "2025.06.10"]

1. e4 e5 2. Nf3 Nc6 3. Nc3 Nf6 4. a4 Bb4 5. Bd3 O-O 6. O-O d6 7. Nd5 Bc5 8. c3
a5 9. Bc2 Ba7 10. d4 h6 11. dxe5 dxe5 12. h3 Be6 13. Nxf6+ Qxf6 14. Qe2 Ne7 15.
Be3 Bxe3 16. Qxe3 Ng6 17. Kh2 b6 18. g3 Rad8 19. Bd3 Rd6 20. Be2 Rfd8 21. b4 Bc8
22. Bc4 Be6 23. Be2 Bc8 24. bxa5 Qe6 25. Ng1 bxa5 26. Qc5 Rd2 27. Rad1 Rxd1 28.
Rxd1 Rxd1 29. Bxd1 Qa2 30. Kg2 Bb7 31. Bf3 Qxa4 32. c4 Qc6 33. Qxa5 Qxc4 34. Qe1
Qd3 35. Qc1 Bxe4 36. Qxc7 Bxf3+ 37. Nxf3 Qd5 38. Qc8+ Nf8 39. Qf5 Nd7 40. h4 g6
41. Qc2 e4 42. Ng1 e3+ 43. Kf1 exf2 44. Qxf2 Ne5 45. Qe2 Kg7 46. Kf2 Nd3+ 47.
Kf1 Qf5+ 48. Nf3 Qd5 49. Kg2 Kh7 50. Qe3 Kg8 51. Kh2 Qf5 52. Kg2 Qd5 53. Kh2 Kg7
54. g4 Nc5 55. g5 hxg5 56. Qc3+ Kg8 57. Nxg5 Ne6 58. Nf3 Qf5 59. Kg3 Qf4+ 60.
Kg2 Kh7 61. Qb2 Qg4+ 62. Kf2 Qf5 63. Kg3 Nf4 64. Ng5+ Kg8 65. Qb8+ Kg7 66. Qxf4
Qxf4+ 67. Kxf4 f6 68. Ke4 fxg5 69. hxg5 Kf7 70. Kd5 Ke7 71. Ke5 Kf7 72. Kd6 Ke8
73. Ke6 1-0

[Event "Titled Tue 10th Jun Early"]
[Site "chess.com INT"]
[Date "2025.06.10"]
[Round "8"]
[White "Raptis, Nick"]
[Black "Arkell, Keith C"]
[Result "0-1"]
[WhiteTitle "FM"]
[BlackTitle "GM"]
[WhiteElo "2220"]
[BlackElo "2343"]
[WhiteFideId "2016850"]
[BlackFideId "400270"]
[EventDate "2025.06.10"]

1. d4 e6 2. Nc3 d5 3. e4 dxe4 4. Nxe4 Bd7 5. Bg5 Be7 6. Bxe7 Kxe7 7. Nf3 Nf6 8.
Bd3 Nxe4 9. Bxe4 Bc6 10. Bd3 Re8 11. O-O Kf8 12. c3 g6 13. Ne5 Qg5 14. Nxc6 Nxc6
15. Be4 Red8 16. Qb3 Rab8 17. h3 Kg7 18. Rfe1 a6 19. Rad1 Qb5 20. Qc2 Ne7 21. c4
Qg5 22. Rd3 b5 23. b3 bxc4 24. bxc4 Qf6 25. Red1 Rb4 26. d5 Rb2 27. Qc3 Qxc3 28.
Rxc3 Rxa2 29. g4 exd5 30. cxd5 Rd7 31. Kg2 a5 32. Rdd3 Ra4 33. Bf3 Rb4 34. Rc5
a4 35. Rdc3 Rd4 36. Rxc7 Rxc7 37. Rxc7 Nxd5 38. Bxd5 Rxd5 39. Ra7 Rd4 40. Kg3 g5
41. f3 h6 42. Ra6 Rb4 43. h4 gxh4+ 44. Kxh4 Rc4 45. Kg3 f6 46. Kh4 Kg6 47. Ra5
Rb4 48. Kg3 Kf7 49. Ra7+ Ke6 50. Rh7 a3 51. Ra7 Rb3 52. Kf4 Kd6 53. Ke4 Kc5 54.
f4 Kb4 55. Kf5 Rf3 56. Ke4 Rf1 57. Rb7+ Kc3 58. Rc7+ Kb2 59. Rb7+ Kc2 60. Rc7+
Kb1 61. Rb7+ Ka1 62. Rf7 a2 63. Rxf6 Kb2 64. Rb6+ Kc3 65. Rc6+ Kb4 66. Ra6 a1=Q
67. Rxa1 Rxa1 68. g5 h5 69. g6 h4 70. f5 h3 71. f6 h2 72. Ke5 h1=Q 73. Ke6 Re1+
74. Kf7 Qd5+ 75. Kg7 Qe5 76. Kh7 Qxf6 77. g7 Rh1+ 78. Kg8 Rg1 79. Kh8 Qxg7# 0-1

[Event "Titled Tue 10th Jun Early"]
[Site "chess.com INT"]
[Date "2025.06.10"]
[Round "8"]
[White "Loskutova, Viktoriya"]
[Black "Ambartsumova, Karina"]
[Result "1-0"]
[WhiteTitle "WFM"]
[BlackTitle "IM"]
[WhiteElo "2092"]
[BlackElo "2403"]
[WhiteFideId "34166278"]
[BlackFideId "4166299"]
[EventDate "2025.06.10"]

1. e4 c5 2. Nf3 a6 3. g3 Nc6 4. Bg2 Nf6 5. Nc3 e5 6. d3 Be7 7. Nd5 O-O 8. O-O d6
9. c3 h6 10. Ne3 Be6 11. Nh4 d5 12. Nhf5 Re8 13. Qf3 d4 14. Ng4 Nxg4 15. Qxg4
Bxf5 16. Qxf5 g6 17. Qf3 Bg5 18. h4 Bxc1 19. Raxc1 Kg7 20. h5 Qe7 21. Bh3 Rad8
22. Kg2 Qg5 23. Rcd1 Rd6 24. Rh1 Red8 25. c4 Rf6 26. Qe2 Ne7 27. Bg4 Ng8 28. Rh4
Rb6 29. Rdh1 Re8 30. b3 a5 31. Bf3 Ra8 32. Rg4 Qf6 33. hxg6 fxg6 34. Qd2 g5 35.
Bd1 Rf8 36. f4 Qe6 37. fxg5 h5 38. Rxh5 Qf7 39. Rh1 Rd8 40. Rgh4 Kf8 41. Rf1 Rd7
42. Rxf7+ Rxf7 43. Bh5 Rg7 44. Rh1 Ne7 45. Rf1+ Kg8 46. g6 Nxg6 47. Bxg6 Rbxg6
48. Rf3 Kh7 49. Qxa5 b6 50. Qa8 Rg8 51. Qb7+ R8g7 52. Qc8 Rg8 53. Qh3+ Kg7 54.
Qh4 Re8 55. Rf5 Ra8 56. Qe7+ Kh6 57. Rf1 Rxa2+ 58. Kf3 Rh2 59. Qf8+ Kh7 60. Qf7+
Rg7 61. Qf5+ Kg8 62. Qe6+ Kh7 63. Qf5+ Kg8 64. Qe6+ Kh7 65. Rf2 Rh6 66. Qf5+ Kg8
67. Kg2 Rhg6 68. Qf8+ Kh7 69. Rf3 Rh6 70. Qf5+ Rhg6 71. Qh3+ Kg8 72. Qc8+ Kh7
73. Qf5 Re7 74. Kf2 Kg7 75. Ke2 Re8 76. Qf7+ Kh6 77. Qxe8 1-0